000 00762nam a22002177a 4500
005 20240124143326.0
010 _aENG-138991
020 _a9789355322548
_c380.00
035 _aEN-122523
037 _bDBAD/PUB
082 _a500
_22
100 _aPrakash, Om
_961253
245 _aCTET/TET:
_cBy Om Prakash and Kanta Pradeep Pandit
_bScience and Pedagogy/
250 _a2
260 _aTamil Nadu
_bMcGraw Hill Education
_c2022
270 _aAnjana Complex No. 5/90 A, Butt Road, St. Thomas Mount
_bTamil Nadu
_e600016
300 _avarious pagings :
_c24cm(pbk)
500 _aSubject- Wise Comprehensive Series Based on the Latest Examination Pattern
700 _aPandit, Kanta Pradeep
_eAuthor
_961250
942 _2ddc
_cEN
_h500
_mPRA
999 _c200358
_d200358